| 000 | 00766nam a22001577a 4500 | ||
|---|---|---|---|
| 003 | OSt | ||
| 005 | 20160323141139.0 | ||
| 008 | 160323b xxu||||| |||| 00| 0 eng d | ||
| 040 | _cRUA | ||
| 082 | _aAGR OUC 2009 B470 Or.1 | ||
| 100 |
_98144 _aOUCH CHANRITH; អ៊ុច ចន្ទ័ឬទ្ធិ |
||
| 245 | _aComparison of organic fertilizer on cucumber(cucummis sativus) at crops station in royal university of agriculture; ប្រៀបធៀបជីធម្មជាតិទៅលើដំណាំត្រសក់ នៅក្នុងស្ថានីយ៏ដំណាំ សាកលវិទ្យាល័យភូមិន្ទកសិកម្ម | ||
| 260 |
_aPhnom Penh _bRUA _c2009 |
||
| 300 |
_axi;40p. _bill. _c29cm. |
||
| 942 |
_2ddc _cAGR |
||
| 999 |
_c7757 _d7757 |
||